| 000 | 00732cam a2200217 a 4500 | ||
|---|---|---|---|
| 001 | 14824325 | ||
| 005 | 20250223132852.0 | ||
| 008 | 070426s2007 moua b 001 0 eng | ||
| 020 | _a9781416030843 | ||
| 050 | 0 | 0 |
_aRJ245 _b.N856 2007 |
| 082 | 0 | 0 |
_a618.92/000231 _222 |
| 245 | 0 | 0 |
_aNursing care of children : _bprinciples & practice / _c[edited by] Susan Rowen James, Jean Weiler Ashwill. |
| 250 | _a3rd ed. | ||
| 260 |
_aSt. Louis, Mo. : _bSaunders/Elsevier, _cc2007. |
||
| 300 |
_a1072 p. : _bill. (chiefly col.) ; _c29 cm. + _e1 CD-ROM (4 3/4 in.) |
||
| 650 | 0 | _aPediatric nursing. | |
| 700 | 1 |
_aJames, Susan Rowen, _d1946- |
|
| 700 | 1 | _aAshwill, Jean Weiler. | |
| 700 | 1 | _aDroske, Susan Colvert. | |
| 942 |
_2lcc _cBK _e3rd ed. _n0 |
||
| 999 |
_c4189 _d4189 |
||